| 000 | 00516cam a2200193ua 4500 | ||
|---|---|---|---|
| 020 | _cRs-64.00 | ||
| 041 |
_aeng _h |
||
| 082 |
_a631.43 _bHAN/AP |
||
| 100 | _aHanks, R J . | ||
| 245 |
_aApplied soil physics: soil water and temperature applications / _cR J Hanks. _hTextual Documents |
||
| 260 |
_aNew York : _bSpringer Verlag , _c1986. |
||
| 300 | _a160 ; . | ||
| 365 | _aRs-64.00 | ||
| 500 | _a19656- Reference | ||
| 504 | _a | ||
| 700 | 1 | _aAshcraft, G L . | |
| 942 | _cBK | ||
| 999 |
_c4828 _d4828 |
||